000 00992cam a2200289 i 4500
999 _c13945
_d13945
003 OSt
005 20260316131207.0
008 150211s2016 enk b 001 0 eng
010 _a 2015003886
020 _a9781138846050
_qhardback : alk. paper
020 _a9781138846074
_qpbk. : alk. paper
035 _a18489273
042 _apcc
050 0 0 _aTH880
_b.B744 2016
082 0 0 _a720/.47
_223
100 1 _aBraham, William W.,
_d1957-
245 1 0 _aArchitecture and systems ecology :
_bthermodynamic principles of environmental building design, in three parts /
_cWilliam W. Braham.
300 _axx, 256 pages ;
_c26 cm
504 _aIncludes bibliographical references and index.
650 0 _aSustainable buildings.
650 0 _aArchitecture and energy conservation.
650 0 _aBuildings
_xThermal properties.
650 0 _aBuildings
_xMechanical equipment
_xEnergy consumption.
650 0 _aBuildings
_xEnvironmental engineering.
650 0 _aBionics.
942 _2ddc